000
00277 a2200109 4500
082
_a
629.42 DAL
090
_c
39052
_d
39052
100
_a
Dalay, D.H
245
_a
Elements of Aerospace Propulsion
_h
English
260
_a
USA
_b
Aero Dept USAF
_c
1969
942
_a
CAE NUST
_k
629.42 DAL
999
_c
466747
_d
466747